000 00415nam a22001697a 4500
003 OSt
008 240329b |||||||| |||| 00| 0 eng d
020 _a9788125060734
082 _a305 CHF
100 _a MUKHOPADHYAY, Arpita, (CHAKRABARTI, Sumit, Ed.)
245 _aFeminisms
250 _aIst. ed.
260 _aHyderabad
_bOrient BlackSwan
_c2022
300 _a141 p.
650 _aEnglish
942 _2ddc
_cBK
999 _c12344
_d12344